000 00438nam a2200181Ia 4500
001 737
005 20260306140540.0
008 260306t2006||||xx |||||||||||||| ||spa||
041 _aESP
082 _a153.4
_bB81
100 _aBravo Valdivieso, Luis
_eAUT
245 0 _aLectura Inicial y PsicologĂ­a Cognitiva
260 _c2006
300 _a116 páginas :
_c17 x 25 cm.
650 _aGEN
654 _aCPS
942 _cLIB
_dJUS
_fJUS
_2ddc
_n
999 _c737
_d737